Central Library OPAC University of Rajshahi

The logic of decision / (Record no. 8146)

MARC details
000 -LEADER
fixed length control field 00825nam a2200277 4500
001 - CONTROL NUMBER
control field 8146
003 - CONTROL NUMBER IDENTIFIER
rucl marc code BDjRUL
005 - DATE AND TIME OF LATEST TRANSACTION
control field 20211208234531.0
008 - FIXED-LENGTH DATA ELEMENTS--GENERAL INFORMATION
fixed length control field s1965 us a 000 0 eng d
035 ## - SYSTEM CONTROL NUMBER
System control number CURL 980065025545(LCo) from hawc061
System control number (BD-RjUL)8191
040 ## - CATALOGING SOURCE
Original cataloging agency BD-RjUL
Language of cataloging eng
Transcribing agency BD-RjUL
041 ## - LANGUAGE CODE
Language code of text/sound track or separate title eng
082 ## - DEWEY DECIMAL CLASSIFICATION NUMBER
Classification number 519.5
Author mark and year JEL 1965
100 1# - MAIN ENTRY--PERSONAL NAME
Personal name Jeffrey, Richard C.
9 (RLIN) 25378
245 14 - TITLE STATEMENT
Title The logic of decision /
Statement of responsibility, etc. [by] R.C. Jeffery
260 ## - PUBLICATION, DISTRIBUTION, ETC. (IMPRINT)
Place of publication, distribution, etc. New York :
Name of publisher, distributor, etc. McGraw-Hill,
Date of publication, distribution, etc. c1965
300 ## - PHYSICAL DESCRIPTION
Pagination xiv, 201 p. :
Illustrations ill. ;
Size 24 cm
504 ## - BIBLIOGRAPHY, ETC. NOTE
Bibliography, etc Bibliographical footnotes
650 #0 - SUBJECT ADDED ENTRY--TOPICAL TERM
Topical term or geographic name as entry element Statistical decision
9 (RLIN) 25379
Topical term or geographic name as entry element Decision making
General subdivision Philosophy
9 (RLIN) 25380
830 #0 - SERIES ADDED ENTRY--UNIFORM TITLE
Uniform title McGraw-Hill series in probability and statistics
942 ## - ADDED ENTRY ELEMENTS (KOHA)
Source of classification or shelving scheme Dewey Decimal Classification
Koha item type Books
Holdings
Lost status Source of classification or shelving scheme Damaged status Not for loan Collection code Permanent Location Current Location Shelving location Date acquired Source of acquisition Cost, normal purchase price Total Checkouts Full call number Date last seen Copy number Koha item type
  Dewey Decimal Classification     Non-fiction Central Library, University of Rajshahi Central Library, University of Rajshahi   26/12/1968 Zeitlinger 74.00   519.5 JEL 1965 18/01/2014 C-3 Books
  Dewey Decimal Classification     Non-fiction Central Library, University of Rajshahi Central Library, University of Rajshahi   26/12/1968 Zuitlinger 74.00   519.5 JEL 1965 31/08/2016 C-2 Books
  Dewey Decimal Classification   Not For Loan Non-fiction Central Library, University of Rajshahi Central Library, University of Rajshahi Reading Room 18/11/1968 Zeitlinger 74.00   519.5 JEL 1965 13/04/2017 C-1 Books